MARC

Tag First Indicator Second Indicator Subfields
LEADER 00000cam a2200000 a 4500
001 in00000027133
005 20151007055910.0
008 870928s1988 nyu b 00110 eng
010 |a  87027547  
020 |a 0801421659 (alk. paper) 
035 |a (OCoLC)16832001 
035 |9 AAB9606AM 
040 |a DLC  |c DLC  |d TXA  |d UtOrBLW 
043 |a n-us--- 
049 |a TXAM  |c [A11075219] 
050 0 0 |a UF533  |b .E93 1988 
082 0 |a 355.8/2  |2 19 
100 1 |a Evangelista, Matthew,  |d 1958- 
245 1 0 |a Innovation and the arms race :  |b how the United States and the Soviet Union develop new military technologies /  |c Matthew Evangelista. 
264 1 |a Ithaca :  |b Cornell University Press,  |c 1988. 
300 |a xvi, 300 pages ;  |c 25 cm. 
336 |a text  |b txt  |2 rdacontent 
337 |a unmediated  |b n  |2 rdamedia 
338 |a volume  |b nc  |2 rdacarrier 
490 1 |a Cornell studies in security affairs 
504 |a Bibliography: pages 277-289. 
500 |a Includes index. 
650 0 |a Weapons industry  |x Technological innovations  |z United States. 
650 0 |a Weapons industry  |x Technological innovations  |z Soviet Union. 
650 0 |a Arms race  |x History  |y 20th century. 
650 0 |a Military research  |z United States. 
650 0 |a Military research  |z Soviet Union. 
651 0 |a United States  |x Armed Forces  |x Procurement. 
651 0 |a Soviet Union  |x Armed Forces  |x Procurement. 
650 0 |a Defense industries  |x Technological innovations  |z United States. 
650 0 |a Arms transfers  |x Technological innovations  |z United States. 
650 0 |a Military weapons  |x Technological innovations  |z United States. 
650 0 |a Military supplies  |x Technological innovations  |z United States. 
650 0 |a Defense industries  |x Technological innovations  |z Soviet Union. 
650 0 |a Arms transfers  |x Technological innovations  |z Soviet Union. 
650 0 |a Military weapons  |x Technological innovations  |z Soviet Union. 
650 0 |a Military supplies  |x Technological innovations  |z Soviet Union. 
830 0 |a Cornell studies in security affairs. 
999 |a MARS 
999 f f |s 9da56060-5982-3d40-a654-97808f136632  |i 14b74f24-60cc-3018-adc2-30e52be4e56e  |t 0 
952 f f |p normal  |a Texas A&M University  |b College Station  |c Sterling C. Evans Library  |d Evans: Library Stacks  |t 0  |e UF533 .E93 1988  |h Library of Congress classification  |i unmediated -- volume  |m A14811075219 
998 f f |a UF533 .E93 1988  |t 0  |l Evans: Library Stacks